[Event "6th Parsvnath Open"]
[Site "New Delhi IND"]
[Date "2008.01.19"]
[Round "9"]
[White "Haribalu,V"]
[Black "Dilip,D"]
[Result "1/2-1/2"]
[WhiteElo "2246"]
[BlackElo "2116"]

1.e4 c5 2.Nc3 Nc6 3.Nf3 Nf6 4.Bb5 Nd4 5.e5 Nxb5 6.Nxb5 Nd5 7.Ng5 f6 8.exf6 Nxf6
9.O-O Qb6 10.a4 a6 11.Nc3 e6 12.a5 Qc7 13.d4 cxd4 14.Qxd4 Bc5 15.Qh4 O-O
16.Nce4 h6 17.Nxf6+ Rxf6 18.Ne4 Rf7 19.Nxc5 Qxc5 20.Ra3 Qe7 21.Qg3 Kh8 22.Bf4 d5
23.Be5 Qg5 24.Qc3 Bd7 25.Qd4 Rg8 26.Rg3 Qf5 27.Rf3 Qg6 28.Rh3 Kh7 29.Qd2 Rc8
30.c3 Rc4 31.f4 Bb5 32.Rg3 Qf5 33.Rc1 Re4 34.Re3 g5 35.Rxe4 Qxe4 36.Re1 Qf5
37.g3 Bd3 38.Qd1 gxf4 39.Bxf4 Be4 40.Qd4 Qh5 41.Rf1 Bf5 42.Qc5  1/2-1/2

[Event "6th Parsvnath Open"]
[Site "New Delhi IND"]
[Date "2008.01.19"]
[Round "9"]
[White "Tiwari,Ar"]
[Black "Badri,N"]
[Result "1-0"]
[WhiteElo "2322"]
[BlackElo "2161"]

1.e4 c5 2.Nc3 Nc6 3.Bb5 e6 4.Bxc6 bxc6 5.d3 d6 6.f4 Nf6 7.Nf3 Be7 8.O-O O-O
9.h3 Nd7 10.f5 exf5 11.exf5 d5 12.Ne2 Re8 13.Nf4 Bd6 14.Nh5 Ne5 15.Kh1 Nxf3
16.Qxf3 Bd7 17.Bf4 Bf8 18.Qg3 Kh8 19.Bc7 Qc8 20.Bd6 Re2 21.Bxc5 f6 22.c3 Qe8
23.Bxf8 Qxf8 24.Nf4 Re5 25.Ng6+ hxg6 26.Qh4+ Kg8 27.fxg6 Qe8 28.Rxf6 gxf6
29.Qh7+ Kf8 30.g7+ Ke7 31.g8=Q+ Kd6 32.Qg3 Qe7 33.Qh6 Ke6 34.Rf1 Rf8 35.Qxe5+ Kxe5
36.Re1+ Kd6 37.Qf4+  1-0

[Event "Open"]
[Site "Marianske Lazne CZE"]
[Date "2008.01.20"]
[Round "2"]
[White "Grochocinska,U"]
[Black "Van den Berg,K"]
[Result "0-1"]
[WhiteElo "1694"]
[BlackElo "1980"]

1.e4 c5 2.Nc3 Nc6 3.Bb5 a6 4.Bxc6 bxc6 5.f4 d5 6.d3 e6 7.Nf3 Ne7 8.O-O Ng6
9.e5 Be7 10.d4 a5 11.Be3 Ba6 12.Rf2 cxd4 13.Nxd4 Qc8 14.f5 Nxe5 15.fxe6 fxe6
16.Qh5+ Ng6 17.Qg4 e5 18.Qxc8+ Rxc8 19.Nf5 O-O 20.Nxe7+ Nxe7 21.Rxf8+ Rxf8
22.Bb6 d4 23.Ne4 Nd5 24.Bxa5 Ne3 25.Rc1 Nxc2 26.Nc5 Be2 27.Nd7 Rf5 28.g4 Bxg4
29.Rxc2 Bh3 30.Rf2 Rg5+ 31.Kh1 Bxd7 32.Bb4 c5 33.h4 Bc6+ 34.Kh2 Rh5 35.Bxc5 g5
36.Rf5 Rxh4+ 37.Kg3 Re4 38.Rxg5+ Kf7 39.Rh5 Kg6 40.Rh2 Re3+ 41.Kh4 Re4+ 42.Kg3 d3
43.Bb4 Rxb4 44.Rd2 e4 45.Kf2 Rb8 46.Ke3 Kf5 47.Rh2 Rg8 48.Rh5+ Ke6 49.Rh6+ Kd5
50.Rh5+ Kc4 51.b3+ Kb4 52.Rxh7 Rg3+ 53.Kd2 Rg2+ 54.Ke3 Re2+ 55.Kd4 d2 56.a3+ Kxb3
57.Rh3+ Kb2 58.Rh1 Re1 59.Rh2 Kc1  0-1

[Event "Open"]
[Site "Marianske Lazne CZE"]
[Date "2008.01.21"]
[Round "3"]
[White "Van Asseldonk,P"]
[Black "Baum,B"]
[Result "1-0"]
[WhiteElo "2099"]
[BlackElo "2204"]

1.e4 c5 2.Nf3 Nc6 3.Nc3 d6 4.d4 cxd4 5.Nxd4 Nf6 6.Be3 Ng4 7.Qd2 Nxe3 8.Qxe3 e6
9.O-O-O Be7 10.Bb5 Bd7 11.Bxc6 bxc6 12.e5 Qc7 13.Qg3 dxe5 14.Qxg7 O-O-O 15.Nf3 Rhg8
16.Qxf7 Bb4 17.Qxh7 Bxc3 18.bxc3 Rxg2 19.Rd3 Rg4 20.Re1 Rdg8 21.Red1 Be8
22.Rd8+ Qxd8 23.Rxd8+ Kxd8 24.Nxe5 Rg1+ 25.Kb2 R8g7 26.Qd3+ Kc8 27.c4 R1g2
28.Qf3 Kc7 29.h4  1-0

[Event "6th Gibtelecom Masters"]
[Site "Gibraltar ENG"]
[Date "2008.01.22"]
[Round "1"]
[White "Lode,M"]
[Black "Obers,F"]
[Result "1/2-1/2"]
[WhiteElo "1822"]
[BlackElo "2094"]

1.Nc3 c5 2.e4 Nc6 3.Nf3 g6 4.d4 cxd4 5.Nxd4 Bg7 6.Be3 Nf6 7.Be2 O-O 8.O-O d5
9.exd5 Nxd5 10.Nxd5 Qxd5 11.Bf3 Qa5 12.c3 Nxd4 13.Bxd4 e5 14.Be3 Be6 15.Qc1 Qc7
16.Bh6 f5 17.Bxg7 Kxg7 18.b3 e4 19.Be2 Rac8 20.c4 Qe5 21.Kh1 Rf7 22.f3 Rcc7
23.fxe4 fxe4 24.Qc2 Rcd7 25.Rxf7+ Rxf7 26.Rf1 Rxf1+ 27.Bxf1 Qa1 28.Kg1 Qd4+
29.Kh1 Qa1 30.Kg1 Qd4+ 31.Kh1 e3 32.h3 Bf5 33.Qe2 Be4 34.Qg4 Qe5 35.Be2 h5
36.Qd7+ Kh6 37.Qd8 Qa1+ 38.Kh2 Qe5+ 39.Kh1 Qa1+  1/2-1/2

[Event "6th Gibtelecom Masters"]
[Site "Gibraltar ENG"]
[Date "2008.01.23"]
[Round "2"]
[White "Strand,H"]
[Black "Bellin,R"]
[Result "0-1"]
[WhiteElo "2045"]
[BlackElo "2385"]

1.e4 c5 2.Nf3 Nc6 3.Nc3 g6 4.d4 cxd4 5.Nxd4 Bg7 6.Be3 Nf6 7.Bc4 O-O 8.Bb3 d6
9.h3 Na5 10.O-O b6 11.Qd3 Bb7 12.Rad1 Nxb3 13.Nxb3 Rc8 14.Bd4 Qc7 15.Rfe1 Rfd8
16.Nd5 Nxd5 17.exd5 Bf8 18.Bc3 Qc4 19.Re2 Qxd3 20.Rxd3 Ba6 21.Rde3 Bxe2 22.Rxe2 Rd7
23.Nd4 Rc5  0-1

[Event "6th Gibtelecom Masters"]
[Site "Gibraltar ENG"]
[Date "2008.01.23"]
[Round "2"]
[White "Thollin,R"]
[Black "Hughes,Pe"]
[Result "1-0"]
[WhiteElo "2011"]
[BlackElo "2195"]

1.e4 c5 2.Nc3 Nc6 3.Bb5 Nd4 4.Bc4 g6 5.Nf3 Bg7 6.Nxd4 cxd4 7.Qf3 e6 8.Nb5 d6
9.Qa3 Ke7 10.f4 a6 11.e5 axb5 12.exd6+ Qxd6 13.Qxa8 Nh6 14.Bxb5 Nf5 15.O-O Qb6
16.Qa3+ Nd6 17.Bd3 Bd7 18.b4 Rc8 19.Kh1 Bc6 20.b5 Bd5 21.Qb4  1-0

[Event "6th Gibtelecom Masters"]
[Site "Gibraltar ENG"]
[Date "2008.01.23"]
[Round "2"]
[White "Efimenko,Z"]
[Black "Heinis,V"]
[Result "1-0"]
[WhiteElo "2638"]
[BlackElo "2184"]

1.e4 c5 2.Nf3 Nc6 3.Nc3 Nf6 4.Bb5 g6 5.Bxc6 dxc6 6.h3 Bg7 7.d3 Nd7 8.Be3 e5
9.Qd2 h6 10.O-O Qe7 11.Nh2 Nf8 12.f4 exf4 13.Bxf4 Ne6 14.Bg3 Qg5 15.Qe1 Nd4
16.Qf2 O-O 17.Kh1 Qe7 18.Rae1 Be6 19.e5 Nf5 20.Ne4 Nxg3+ 21.Qxg3 Rad8 22.Nf3 c4
23.d4 Bd5 24.Nd6 Kh7 25.c3 Rd7 26.Nd2 Qe6 27.N2e4 b6 28.Rf4 Bxe4 29.Nxe4 c5
30.Qh4 Qd5 31.e6  1-0

[Event "6th ch-PriFO Men"]
[Site "Kazan RUS"]
[Date "2008.01.24"]
[Round "2"]
[White "Geller,J"]
[Black "Gorozhankina,J"]
[Result "1-0"]
[WhiteElo "2511"]
[BlackElo "2037"]

1.e4 c5 2.Nf3 Nc6 3.Nc3 g6 4.d4 cxd4 5.Nxd4 Bg7 6.Be3 Nf6 7.Be2 O-O 8.Nb3 d6
9.f4 Be6 10.g4 d5 11.f5 Bc8 12.exd5 Nb4 13.Qd2 gxf5 14.O-O-O Nxg4 15.Rhg1 Bd7
16.Bd4 f6 17.h3 Ne5 18.Bxe5 fxe5 19.Qg5 Rf7 20.Bh5 Qf8 21.Nc5 Bc8 22.Bxf7+ Qxf7
23.Rd2 Kh8 24.Rdg2  1-0

[Event "Open"]
[Site "Marianske Lazne CZE"]
[Date "2008.01.25"]
[Round "8"]
[White "Kulicov,O"]
[Black "Volodin,V"]
[Result "0-1"]
[WhiteElo "2405"]
[BlackElo "2233"]

1.e4 c5 2.Nc3 Nc6 3.Bb5 g6 4.Bxc6 dxc6 5.d3 Bg7 6.f4 Nf6 7.Nge2 Bg4 8.Be3 b6
9.h3 Bxe2 10.Qxe2 Nh5 11.Qf2 Bd4 12.g4 Ng7 13.f5 Bxe3 14.Qxe3 Qd4 15.Qf3 O-O-O
16.O-O-O Ne8 17.fxg6 fxg6 18.e5 Kb7 19.Rde1 Nc7 20.Qf7 Rde8 21.Rhf1 Qd8 22.Qc4 Qd4
23.Rf7 Qxc4 24.dxc4 Ne6 25.Ne4 Kc8 26.Kd2 Kd8 27.Ke3 Ref8 28.Ref1 Ke8 29.Rxf8+ Rxf8
30.Rxf8+ Kxf8 31.c3 Kf7 32.b4 a6 33.h4 h6 34.a4 a5 35.bxa5 bxa5 36.Nd2 Nd8
37.Kf4 Nb7 38.Ne4 Ke6 39.Nf2 Nd8 40.Nd3 Nb7 41.Ke4 Kf7 42.Kf4 Ke6 43.g5 h5
44.Ke4 Kf7 45.Nf4 e6 46.Nd3 Ke7 47.Ke3 Kf7 48.Nf2 Ke8 49.Ne4 Ke7 50.Kf4 Ke8
51.Nf6+ Kf7  0-1

[Event "GMA2"]
[Site "Marianske Lazne CZE"]
[Date "2008.01.25"]
[Round "9"]
[White "Shytaj,L"]
[Black "Smith,Ax"]
[Result "1/2-1/2"]
[WhiteElo "2471"]
[BlackElo "2458"]

1.e4 c5 2.Nf3 Nc6 3.Nc3 Nf6 4.Bb5 Qc7 5.O-O Nd4 6.Re1 a6 7.Bf1 Ng4 8.g3 Nxf3+
9.Qxf3 Ne5 10.Qe3 e6 11.b3 d6 12.Bb2 Be7 13.Bg2 O-O 14.f4 Nd7 15.Ne2 b6 16.Qc3 e5
17.Qd3 Bf6 18.f5 b5 19.c4 b4 20.a4 Rd8 21.Qf3 Bb7 22.d3 d5 23.cxd5 Bxd5 24.exd5 e4
25.dxe4 Bxb2 26.Rab1 Bf6 27.Nf4 Bc3 28.Red1 Ne5 29.Qe2 c4 30.bxc4 Nxc4 31.Nd3 Rab8
32.Nc1 Na3 33.Rb3 Nc2 34.Rb1 Na3 35.Rb3 Nc2 36.Rb1 Na3 37.Rb3  1/2-1/2

[Event "6th Gibtelecom Masters"]
[Site "Gibraltar ENG"]
[Date "2008.01.26"]
[Round "5"]
[White "Gonzalez Amaya,M"]
[Black "Kulago,A"]
[Result "0-1"]
[WhiteElo "1823"]
[BlackElo "2206"]

1.e4 c5 2.Nc3 Nc6 3.Nge2 e6 4.g3 g6 5.Bg2 Bg7 6.O-O Nge7 7.d3 d6 8.Be3 O-O
9.Qd2 Nd4 10.Nd1 Rb8 11.c3 Nxe2+ 12.Qxe2 b6 13.Qd2 d5 14.Bh6 dxe4 15.Bxg7 Kxg7
16.Bxe4 Bb7 17.Qe2 Nd5 18.Ne3 Nf6 19.Bxb7 Rxb7 20.Nc4 Qd5 21.a4 Rd8 22.Rfd1 Qf5
23.d4 cxd4 24.cxd4 Rbd7 25.Ne3 Qe4 26.Qa6 Qf3 27.b4 Ne4 28.Qf1 Rxd4 29.Rdc1 Rd2
30.Rc2 Rxc2 31.Nxc2 Rd2 32.Ne1 Qxf2+ 33.Qxf2 Rxf2 34.Nd3 Rc2 35.b5 Nc5 36.Ne5 Kf6
37.Nc6 Rc4 38.a5 Ra4 39.Rf1+ Kg7 40.a6 Nxa6 41.bxa6 Rxa6 42.Rd1 b5 43.Nb4 Ra4
44.Nc6 b4 45.Rb1 a5 46.Kf2 Ra3 47.Ke2 b3 48.Kf3 a4 49.Nb4 b2+ 50.Ke4 Rb3
51.Na2 a3 52.Kd4 Rb7 53.Kc3 f5 54.Kc2 Kf6 55.Re1 e5 56.Kb1 e4 57.Re3 Ra7
58.Nb4 Ra4 59.Nc2 g5 60.Nxa3 f4 61.gxf4 gxf4 62.Rb3 f3 63.Nc2 Ke5 64.Kxb2 f2
65.Ne3 h5 66.Nf1 Kf4 67.Kb1 Ra5 68.Kb2 Rg5 69.Kc2 Rg1 70.Rb1 Rxf1 71.Rxf1 Kf3
72.Kd1 e3  0-1

[Event "6th ch-PriFO Men"]
[Site "Kazan RUS"]
[Date "2008.01.26"]
[Round "4"]
[White "Isajevsky,A"]
[Black "Matveeva,O"]
[Result "1-0"]
[WhiteElo "2469"]
[BlackElo "2175"]

1.e4 c5 2.Nc3 Nc6 3.Bb5 Nd4 4.Bc4 e6 5.Nge2 Ne7 6.Nxd4 cxd4 7.Ne2 Nc6 8.O-O Be7
9.d3 O-O 10.a3 d5 11.exd5 exd5 12.Bb3 Bg4 13.h3 Bxe2 14.Qxe2 Qd7 15.Bd2 a5
16.Qh5 f5 17.Qf3 Rad8 18.Rfe1 b5 19.a4 b4 20.Re2 Kh8 21.Rae1 h6 22.Qh5 Bf6
23.Re6 Kg8 24.Bf4 Ne7 25.Bxh6 gxh6 26.Rxe7 Bxe7 27.Qg6+ Kh8 28.Qxh6+ Kg8
29.Bxd5+ Qxd5 30.Qg6+ Kh8 31.Rxe7  1-0

[Event "IM"]
[Site "Orsha BLR"]
[Date "2008.01.26"]
[Round "9"]
[White "Kosov,Iv"]
[Black "Kovalev,Vl"]
[Result "0-1"]
[WhiteElo "2365"]
[BlackElo "2184"]

1.e4 c5 2.Nc3 Nc6 3.Nf3 e5 4.Bc4 Be7 5.d3 d6 6.Nd2 Bg5 7.Qh5 Nh6 8.h3 Nd4
9.O-O Be6 10.Bxe6 Nxe6 11.Nd5 O-O 12.Nc4 Bxc1 13.Raxc1 f5 14.exf5 Rxf5 15.Qe2 b5
16.Nd2 Qd7 17.a4 bxa4 18.Nc4 Raf8 19.c3 Ng5 20.f3 Ne6 21.Kh2 Kh8 22.Ra1 Nf4
23.Qe4 Nxh3 24.gxh3 Rh5 25.h4 Nf5 26.Kg2 Nxh4+ 27.Kf2 Nxf3 28.Ke2 Rh2+ 29.Kd1 Qh3
30.Nde3 h5 31.Rc1 Rf4 32.Qa8+ Kh7 33.Rc2 Rh1 34.Rf2 h4 35.Ke2 Ng1+ 36.Kd2 Rh2
37.Ke1 Qg3 38.Nd1 Qxd3 39.Rxg1 Re4+ 40.Nce3 Rxe3+ 41.Nxe3 Qxe3+ 42.Kd1 Rxf2  0-1

[Event "Winter Open"]
[Site "Belgrade SRB"]
[Date "2008.01.29"]
[Round "8"]
[White "Danojlic,P"]
[Black "Tomin,N"]
[Result "0-1"]
[WhiteElo "1897"]
[BlackElo "1751"]

1.e4 c5 2.Nf3 Nc6 3.Nc3 g6 4.d4 cxd4 5.Nxd4 Bg7 6.Be3 Nf6 7.g4 Nxg4 8.Qxg4 Nxd4
9.O-O-O Nc6 10.Nd5 d6 11.Qg3 Bf6 12.h4 h5 13.f4 Bg4 14.Rd3 e6 15.Nc3 Nb4
16.Rd4 Bxd4 17.Bxd4 O-O 18.a3 Nc6 19.Be3 d5 20.Bc5 Re8 21.exd5 exd5 22.Bd3 f5
23.Qg2 d4 24.Nb5 Kh7 25.Nd6 Re3 26.Qd5 Qg8 27.Qxg8+ Rxg8 28.Nxb7 Rge8 29.Kd2 Rf3
30.Bd6 Rf2+ 31.Kc1 Bf3 32.Rg1 Rh2 33.Bc4 Bg4 34.b4 d3 35.Bxd3 Nd4 36.Kb2 Be2
37.Re1 Bxd3 38.Rxe8 Rxc2+ 39.Ka1 Nb3+  0-1

[Event "6th Gibtelecom Masters"]
[Site "Gibraltar ENG"]
[Date "2008.01.29"]
[Round "8"]
[White "Strand,H"]
[Black "Mundaca,J"]
[Result "1/2-1/2"]
[WhiteElo "2045"]
[BlackElo "2184"]

1.e4 c5 2.Nf3 Nc6 3.Nc3 d6 4.Bb5 Bd7 5.O-O Nf6 6.Re1 e5 7.Bc4 Be6 8.d3 h6
9.a4 Be7 10.Nd2 a6 11.Nf1 d5 12.exd5 Nxd5 13.Nxd5 Bxd5 14.Bxd5 Qxd5 15.Qg4 h5
16.Ne3 Qd7 17.Qxd7+ Kxd7 18.Nd5 Rae8 19.Be3 Bd6 20.c3 Rhf8 21.Bd2 f5 22.Nb6+ Kc7
23.Nd5+ Kd7 24.Nb6+ Kc7 25.Nd5+  1/2-1/2

[Event "6th Gibtelecom Masters"]
[Site "Gibraltar ENG"]
[Date "2008.01.29"]
[Round "8"]
[White "Jameson,D"]
[Black "Matthews,A"]
[Result "0-1"]
[WhiteElo "2033"]
[BlackElo "1920"]

1.e4 c5 2.Nf3 Nc6 3.Nc3 Nf6 4.Bb5 a6 5.Bxc6 dxc6 6.h3 g6 7.O-O Bg7 8.Re1 Nd7
9.e5 Nf8 10.d3 Ne6 11.Ne4 b6 12.Qe2 Nd4 13.Nxd4 cxd4 14.Nf6+ Kf8 15.Ng4 Be6
16.Qf3 h5 17.Nh2 Qd5 18.Qe4 Qxe4 19.Rxe4 Bd5 20.Re2 Bh6 21.f4 e6 22.Kf2 c5
23.Bd2 Ke7 24.a3 b5 25.Nf3 Bc6 26.b4 Bxf3 27.Kxf3 c4 28.Ke4 Rhd8 29.g3 Rd5
30.Be1 f5+ 31.exf6+ Kxf6 32.Bf2 Rad8 33.g4 g5 34.fxg5+ Bxg5 35.h4 Re5+ 36.Kf3 hxg4+
37.Kxg4 Rxe2 38.hxg5+ Kg6 39.Bg3 Rxc2 40.Rf1 Re2 41.Rf6+ Kg7 42.Bh4 cxd3
43.g6 Rg2+  0-1

[Event "6th Gibtelecom Masters"]
[Site "Gibraltar ENG"]
[Date "2008.01.29"]
[Round "8"]
[White "Navarro Torres,P"]
[Black "Waters,M"]
[Result "1-0"]
[WhiteElo "2210"]
[BlackElo "2102"]

1.e4 c5 2.Nc3 Nc6 3.Bb5 Nd4 4.Bc4 g6 5.Nf3 Bg7 6.Nxd4 cxd4 7.Qf3 e6 8.Nb5 d6
9.Qa3 Bf8 10.Nxd4 Bd7 11.Qf3 a6 12.O-O Bg7 13.Ne2 Rc8 14.Bb3 Qh4 15.d3 Be5
16.g3 Qe7 17.Qe3 h5 18.f4 Bg7 19.h3 Nh6 20.Kh2 f5 21.Rg1 Bf6 22.Nc3 Qg7 23.Qe2 Kd8
24.Be3 Kc7 25.Bf2 Qh7 26.Kg2 Rce8 27.Qe3 Bc6 28.Kf1 Nf7 29.a4 g5 30.Nb5+ Kd7
31.Na7 Nd8 32.e5 dxe5 33.fxe5 Bg7 34.Qd4+ Ke7 35.Nxc6+ Nxc6 36.Qd6+ Kf7 37.Qd7+ Re7
38.Bxe6+ Kg6 39.Bxf5+ Kh6 40.Qd6+  1-0

[Event "6th ch-PriFO Men"]
[Site "Kazan RUS"]
[Date "2008.01.29"]
[Round "7"]
[White "Pavlov,Vi2"]
[Black "Fedotov,I"]
[Result "1-0"]
[WhiteElo "2110"]
[BlackElo "1969"]

1.e4 c5 2.Nf3 Nc6 3.Nc3 Nf6 4.d4 cxd4 5.Nxd4 e5 6.Ndb5 d6 7.Bg5 a6 8.Na3 b5
9.Nd5 Be7 10.Bxf6 Bxf6 11.c3 O-O 12.Nc2 Bg5 13.Nce3 Rb8 14.Bd3 Ne7 15.O-O Be6
16.Bc2 Bxe3 17.Nxe3 d5 18.exd5 Nxd5 19.Qh5 Nf6 20.Qxe5 Re8 21.Qg5 Qc7 22.a3 Bc4
23.Nf5 g6 24.Qxf6 gxf5 25.Rfe1 Re6 26.Qxf5 Rg6 27.Qe5 Qxe5 28.Rxe5 Rg7 29.Rae1 Be6
30.f4 Kf8 31.f5 Bd7 32.f6 Rg4 33.Bxh7 Rh4 34.Bc2  1-0

[Event "Winter Open"]
[Site "Belgrade SRB"]
[Date "2008.01.30"]
[Round "9"]
[White "Masic,P"]
[Black "Sarenac,I"]
[Result "1-0"]
[WhiteElo "2369"]
[BlackElo "2271"]

1.e4 c5 2.Nf3 Nc6 3.Nc3 Nf6 4.g3 e5 5.Bg2 Be7 6.d3 d6 7.Bg5 Nd7 8.Be3 O-O
9.Nd5 f5 10.exf5 Rxf5 11.O-O Rf8 12.c3 Nf6 13.Ng5 Ng4 14.Nxe7+ Qxe7 15.Be4 Nf6
16.Bg2 h6 17.Ne4 Be6 18.h3 Nd5 19.Bd2 Rf7 20.a3 a5 21.c4 Nf6 22.Nc3 Qd7 23.Kh2 Nd4
24.Be3 Nf5 25.Bd2 Raf8 26.Rb1 Nd4 27.b4 axb4 28.axb4 Nh7 29.f4 exf4 30.Rxf4 Rxf4
31.Bxf4 g5 32.Be3 Nf5 33.Qe1 b6 34.bxc5 bxc5 35.Rb7 Qc8 36.Nb5 Rd8 37.Na7 Qa8
38.Rxh7 d5 39.Rc7 Qb8 40.Bf4 Qb6 41.Rc6 Qxa7 42.Qxe6+ Qf7 43.Qxf7+ Kxf7 44.Bc7  1-0

[Event "FINEC GMB"]
[Site "St Petersburg RUS"]
[Date "2008.02.01"]
[Round "9"]
[White "Sudakova,I"]
[Black "Shishkin,Va UKR"]
[Result "0-1"]
[WhiteElo "2333"]
[BlackElo "2493"]

1.e4 c5 2.Nf3 Nc6 3.Nc3 d6 4.d4 cxd4 5.Nxd4 Nf6 6.Bc4 Bd7 7.O-O g6 8.Kh1 Bg7
9.Nxc6 Bxc6 10.Qe1 O-O 11.Bg5 Rc8 12.Bb3 h6 13.Bh4 g5 14.Bg3 Nh5 15.f4 e6
16.f5 exf5 17.Rxf5 Nxg3+ 18.hxg3 Bd7 19.Rf3 Bg4 20.Rd3 a6 21.Qd2 Be5 22.Nd1 Be6
23.Nf2 Qe7 24.c3 Kg7 25.g4 Bd7 26.Rf3 h5 27.Rd3 Rh8 28.gxh5 Rxh5+ 29.Kg1 g4
30.g3 Rch8 31.Rf1 f6 32.Bd1 f5 33.exf5 Bc6 34.Rd5 Bxg3 35.Qd4+ Be5 36.Rxe5 dxe5
37.Qc4 Rxf5 38.Bxg4 Qh4  0-1

[Event "Noteboom Mem A"]
[Site "Leiden NED"]
[Date "2008.02.02"]
[Round "2"]
[White "Nijboer,F"]
[Black "Kuipers,S"]
[Result "1/2-1/2"]
[WhiteElo "2578"]
[BlackElo "2302"]

1.e4 c5 2.Nf3 Nc6 3.Nc3 Nf6 4.Bb5 Qc7 5.O-O Nd4 6.Re1 e5 7.Bc4 Be7 8.d3 d6
9.h3 O-O 10.a4 Be6 11.Nh2 Qd7 12.Nd5 Bxd5 13.exd5 Nf5 14.c3 Rfc8 15.f4 exf4
16.Bxf4 Nh4 17.Bg3 Ng6 18.Qf3 Bf8 19.Nf1 a6 20.Ne3 b5 21.Bb3 Re8 22.axb5 axb5
23.Rxa8 Rxa8 24.Nf5 Re8 25.Rxe8 Nxe8 26.d4 Ne7 27.Nxe7+ Bxe7 28.dxc5 dxc5
29.c4 b4 30.Bf2 g6 31.Qd1 Qc7 32.Bc2 Ng7 33.Qf3 Bd6 34.Qe2  1/2-1/2

[Event "4th Open C Women"]
[Site "Moscow RUS"]
[Date "2008.02.03"]
[Round "2"]
[White "Vasilevich,I"]
[Black "Kuzevanova,E"]
[Result "0-1"]
[WhiteElo "2378"]
[BlackElo "2167"]

1.e4 c5 2.Nf3 Nc6 3.Nc3 g6 4.d4 cxd4 5.Nxd4 Bg7 6.Be3 d6 7.Be2 Nf6 8.O-O O-O
9.Nb3 Bd7 10.f4 Rc8 11.Bf3 a6 12.a4 Be6 13.Nd5 Bxd5 14.exd5 Na5 15.Nxa5 Qxa5
16.Re1 Qc7 17.c3 Nd7 18.Bf2 Rfe8 19.Re2 Ne5 20.a5 h6 21.Qc2 Bf6 22.Bg4 Rcd8
23.Kh1 Kg7 24.Rae1 Nd7 25.Qa4 b5 26.axb6 Nxb6 27.Qc6 Na8 28.Qxa6 Rb8 29.Qd3 Nb6
30.h3 Qc4 31.Rd1 Qxf4 32.b3 Be5 33.Bg1 h5 34.Rxe5 dxe5  0-1

[Event "4th Open C Women"]
[Site "Moscow RUS"]
[Date "2008.02.03"]
[Round "2"]
[White "Karibaeva,E"]
[Black "Manakova,M"]
[Result "0-1"]
[WhiteElo "2153"]
[BlackElo "2331"]

1.e4 c5 2.Nf3 Nc6 3.Nc3 e5 4.Bc4 Be7 5.O-O d6 6.h3 Nf6 7.d3 O-O 8.Ne1 Ne8
9.Nd5 Bg5 10.f4 exf4 11.Bxf4 Bxf4 12.Rxf4 Ne5 13.Bb3 Nc7 14.Rf2 b5 15.Nf3 Ng6
16.a4 bxa4 17.Rxa4 Bd7 18.Ra1 Be6 19.Nxc7 Qxc7 20.Bxe6 fxe6 21.Ng5 Rxf2 22.Kxf2 h6
23.Nf3 Qb6 24.b3 c4+ 25.d4 cxb3 26.cxb3 e5 27.Kg3 Rf8 28.dxe5 dxe5 29.Qg1 Qf6
30.Qe3 Nf4 31.Kh2 a6 32.Ra5 Rc8 33.Ra2 Kh7 34.Rf2 Qd6 35.Rd2 Qe6 36.Ra2 Rb8
37.Qa7 Rb6 38.Nd2  0-1

[Event "Velammal 45th National A ch-IND"]
[Site "Chennai IND"]
[Date "2008.02.04"]
[Round "2"]
[White "Satyapragyan,S"]
[Black "Venkatesh,M"]
[Result "1-0"]
[WhiteElo "2406"]
[BlackElo "2444"]

1.e4 c5 2.Nf3 Nc6 3.Nc3 d6 4.d4 cxd4 5.Nxd4 Nf6 6.Bg5 e6 7.Qd2 a6 8.O-O-O Bd7
9.f3 Be7 10.Be3 h5 11.Kb1 Qc7 12.Nxc6 bxc6 13.Bf4 e5 14.Bg5 Be6 15.Bxf6 gxf6
16.f4 Rd8 17.f5 Bc8 18.Qf2 Qa5 19.Bc4 Bb7 20.Qf3 Rd7 21.Bb3 Qc5 22.Rd3 Bd8
23.Rhd1 Be7 24.Qg3 Kf8 25.Qh4 a5 26.g4 Ba6 27.Rg3 Qf2 28.gxh5 Qf4 29.Rg4 Qh6
30.Rdg1 Bd8 31.Qg3 Bb6 32.Rg8+ Ke7 33.Rxh8 Qxh8 34.Qg8 Qxg8 35.Rxg8 Be3 36.Rh8 Rd8
37.Rxd8 Kxd8 38.Bxf7 Bf4 39.b3 Ke7 40.Bc4 Bxc4 41.bxc4 Kf7 42.h3 Kg7 43.Kb2 Kh6
44.c5 dxc5 45.Na4 Be3 46.Nb6 Kxh5 47.Nc4 Bf2 48.Nxa5 Kg5 49.Nc4 Kf4 50.a4 Kxe4
51.a5 Kd5 52.a6  1-0

[Event "4th Open C Women"]
[Site "Moscow RUS"]
[Date "2008.02.04"]
[Round "3"]
[White "Vasilkova,S"]
[Black "Muzychuk,A"]
[Result "1/2-1/2"]
[WhiteElo "2359"]
[BlackElo "2460"]

1.e4 c5 2.Nf3 Nc6 3.Nc3 Nf6 4.Bb5 Qc7 5.O-O Nd4 6.Bc4 e6 7.h3 Be7 8.Re1 d6
9.d3 O-O 10.Nxd4 cxd4 11.Nb5 Qb6 12.c3 dxc3 13.Nxc3 Bd7 14.d4 Rac8 15.Bb3 Bb5
16.Nxb5 Qxb5 17.d5 e5 18.Bd2 Bd8 19.a4 Qd3 20.Bb4 Qxd1 21.Raxd1 Bc7 22.a5 a6
23.Kf1 Rfd8 24.Rc1 Bb8 25.Rc4 Rxc4 26.Bxc4 Kf8 27.g3 Ke7 28.f4 Nd7 29.Be2 Rc8
30.Bc3 Rc5 31.Ra1 Ba7 32.Ra4 Rc7 33.Rc4 Rxc4 34.Bxc4 exf4 35.gxf4 Be3 36.f5 Bf4
37.b4 Be5 38.Bd2 Bd4 39.Kg2 Ne5 40.Be2 g6 41.fxg6 fxg6 42.b5 axb5 43.Bxb5 Kf6
44.Bb4 Bc5 45.Bc3 Ke7 46.Bxe5 dxe5 47.a6 bxa6 48.Bxa6 Kd7  1/2-1/2

[Event "16th FAJR Open"]
[Site "Urmia IRI"]
[Date "2008.02.04"]
[Round "4"]
[White "Simonian,H"]
[Black "Moradi,Mo"]
[Result "1-0"]
[WhiteElo "2435"]
[BlackElo "2157"]

1.e4 c5 2.Nc3 Nc6 3.Bb5 Nd4 4.Bc4 e6 5.Nge2 Nf6 6.O-O a6 7.d3 d5 8.exd5 exd5
9.Nxd5 Nxd5 10.Nxd4 cxd4 11.Qh5 Be7 12.Qxd5 O-O 13.Qxd8 Rxd8 14.Bd2 Bf6 15.Rfe1 Bf5
16.a4 Rac8 17.Rac1 g5 18.a5 Rc6 19.Re2 Rxc4 20.dxc4 Bxc2 21.Rce1 Kg7 22.h4 gxh4
23.Bh6+ Kxh6 24.Rxc2 d3 25.Rd2 Bg5 26.Rdd1 d2 27.Re4 Kg6 28.Kf1 Kf5 29.f3 Rd3
30.Ke2 Rb3 31.Rb1 h5 32.Kd1 h3 33.Kc2 hxg2 34.Kxb3 h4 35.Rg4 h3 36.Kc2 Be3
37.Kd3 g1=Q 38.Rgxg1 Bxg1 39.Rxg1 Kf4 40.Kxd2  1-0

[Event "Velammal 45th National A ch-IND"]
[Site "Chennai IND"]
[Date "2008.02.05"]
[Round "3"]
[White "Gopal,G"]
[Black "Roy Chowdhury,S"]
[Result "1/2-1/2"]
[WhiteElo "2528"]
[BlackElo "2418"]

1.e4 c5 2.Nf3 Nc6 3.Nc3 g6 4.d4 cxd4 5.Nxd4 Bg7 6.Be3 Nf6 7.Bc4 O-O 8.Bb3 a5
9.O-O Nxd4 10.Bxd4 d6 11.Re1 Bd7 12.a4 Bc6 13.Nd5 Nd7 14.c3 e6 15.Bxg7 Kxg7
16.Bc2 Bxd5 17.exd5 e5 18.Bd3 f5  1/2-1/2

[Event "Velammal 45th National A ch-IND"]
[Site "Chennai IND"]
[Date "2008.02.06"]
[Round "4"]
[White "Prathamesh,S"]
[Black "Sanjay,N"]
[Result "1/2-1/2"]
[WhiteElo "2371"]
[BlackElo "2354"]

1.e4 c5 2.Nf3 Nc6 3.Nc3 g6 4.d4 cxd4 5.Nxd4 Bg7 6.Nb3 Nf6 7.Be2 O-O 8.O-O a6
9.Re1 b5 10.Bf1 b4 11.Nd5 a5 12.a3 Rb8 13.a4 e6 14.Bf4 exd5 15.exd5 Rb6 16.dxc6 Rxc6
17.Nd4 Rb6 18.Nb5 Rc6 19.c3 bxc3 20.bxc3 d5 21.Rc1 Ne4 22.c4 Be6 23.cxd5 Rxc1
24.Qxc1 Qxd5 25.Qe3 Nc5 26.Nc7 Qd4 27.Bb5 Bb3 28.Qxd4 Bxd4 29.Bd6 Rd8 30.Bxc5 Bxc5
31.Re8+ Rxe8 32.Nxe8 f5 33.Nf6+ Kg7 34.Nd7 Bd4 35.Nb8 Kf6 36.Kf1 Ke6 37.Ke2 Kd6
38.g3 Bd5 39.Nd7 h6 40.h4 Be6 41.Nb8 g5 42.hxg5 hxg5 43.f4 gxf4 44.gxf4 Bb6
45.Kd3 Bd5 46.Nd7 Be4+ 47.Kd2 Bd4 48.Nf8 Kd5 49.Nh7  1/2-1/2

[Event "Velammal 45th National A ch-IND"]
[Site "Chennai IND"]
[Date "2008.02.06"]
[Round "4"]
[White "Saptarshi,R"]
[Black "Vishnu,P"]
[Result "1/2-1/2"]
[WhiteElo "2404"]
[BlackElo "2340"]

1.e4 c5 2.Nf3 Nc6 3.Nc3 Nf6 4.Bb5 Qc7 5.O-O Nd4 6.d3 a6 7.Ba4 b5 8.Bb3 Nxb3
9.axb3 b4 10.Ne2 d6 11.h3 g6 12.Nh4 Bg7 13.f4 O-O 14.f5 e6 15.Ng3 exf5 16.exf5 Bb7
17.Bg5 Rae8 18.Qd2 d5 19.Bf4 Qb6 20.Kh2 d4 21.Bh6 Qc7 22.Bf4 Qe7 23.Nf3 Nd5
24.Rfe1 Ne3 25.Nf1 Qf6 26.Nxe3 dxe3 27.Rxe3 Qxf5 28.Bd6 Rxe3 29.Qxe3 Rc8
30.Rf1 Qd5 31.Qf4 Re8 32.Rf2 h6 33.Bc7 g5 34.Qd6 Re6 35.Qxd5 Bxd5 36.Kg3 Kh7
37.h4 Kg6 38.hxg5 hxg5 39.Bd8 f6 40.Kh2 Bf8 41.Bc7 Bg7 42.c4 bxc3 43.bxc3 Bxb3
44.d4 Rc6 45.Bd8 Bd5 46.Rd2 Bf8 47.Rf2 Bxf3 48.gxf3 cxd4 49.cxd4 Rd6 50.Bc7 Rxd4
51.Ra2 Bd6+ 52.Bxd6 Rxd6 53.Ra5 Kf7 54.Kg3 Ke6 55.f4 gxf4+ 56.Kxf4 Kd7 57.Kf5 Kc7
58.Ra1 Kb6 59.Rb1+ Kc5 60.Ra1 Kb4 61.Rb1+ Kc3 62.Ra1 Rb6 63.Ke4 Kb4 64.Kd5 Kc3
65.Ke4 Kc4 66.Rc1+ Kb5 67.Rb1+ Kc6 68.Ra1 Kb7 69.Kd5 Rb5+ 70.Kc4 Rf5 71.Re1 Re5
72.Rf1 f5 73.Rh1 Kb6 74.Rh6+ Ka5 75.Rf6 Rb5 76.Kc3 Rc5+ 77.Kd4 Rc8 78.Kd3 Rc5
79.Kd4 Rb5 80.Kc3 Re5 81.Kd4 Re4+ 82.Kd3 Rf4 83.Ke3 Rf1 84.Ke2 Rb1 85.Rxf5+ Kb4
86.Kd2 Kb3 87.Ra5 Rb2+ 88.Kd3 Ra2 89.Rxa2 Kxa2 90.Kc2  1/2-1/2

[Event "4th Open C Women"]
[Site "Moscow RUS"]
[Date "2008.02.07"]
[Round "6"]
[White "Vasilevich,I"]
[Black "Bodnaruk,A"]
[Result "0-1"]
[WhiteElo "2378"]
[BlackElo "2317"]

1.e4 c5 2.Nf3 Nc6 3.Nc3 e5 4.Bc4 Be7 5.d3 d6 6.h3 Nf6 7.a3 O-O 8.Nd5 Nxd5
9.Bxd5 Be6 10.c3 Qd7 11.b4 b6 12.O-O Bxd5 13.exd5 Nd8 14.Qb3 Rc8 15.Re1 f5
16.a4 Bf6 17.Bd2 cxb4 18.Qxb4 Nb7 19.Reb1 Qf7 20.Qb5 Rc5 21.Qb3 Qxd5 22.c4 Qf7
23.Bc3 Rfc8 24.Re1 R5c7 25.Qb1 e4 26.Bxf6 exf3 27.Bd4 fxg2 28.Ra2 Re7 29.f4 Nc5
30.Rxe7 Qxe7  0-1